| 000 | 01065aam a2200301 i 4500 | ||
|---|---|---|---|
| 999 |
_c69203 _d69203 |
||
| 001 | 69203 | ||
| 003 | Mx-PuUPA | ||
| 005 | 20220302075621.0 | ||
| 008 | 201112s2013 ii a|||fr|||| 001 0 eng d | ||
| 020 | _a9788131792544 | ||
| 040 |
_aMx-PuUPA _bspa _cMx-PuUPA _dMx-PuUPA _erda |
||
| 041 | 0 | _aeng | |
| 100 | 1 |
_910978 _aSharma, A. K., _d1953- _eautor |
|
| 245 | 1 | 0 |
_aData structures using C / _cA. K. Sharma |
| 250 | _aFirst impression | ||
| 264 | 1 |
_aUttar Pradesh, India : _bPearson India Education Services, _c2013 |
|
| 264 | 4 |
_aIndia : _bDorling Kindersley, _c2013 |
|
| 300 |
_axii, 504 páginas : _bilustraciones ; _c24 cm |
||
| 336 |
_2rdacontent _atexto _btxt |
||
| 337 |
_2rdamedia _asin medio _bn |
||
| 338 |
_2rdacarrier _avolumen _bnc |
||
| 650 | 4 | _aC (lenguaje del programación de computadora) | |
| 650 | 4 | _aEstructuras de datos (informática) | |
| 942 |
_2ddc _cLI _h005.73 _iS524 |
||